Kate Winslet Movies Quiz Stats

 Plays Quiz Updated Jan 1, 2020

Support Sporcle.
Go Orange.
Score 0/44 Timer 07:00
0 Plays Today
Year Movie % Correct
1997Titanic
97.4%
2008The Reader
74.3%
2008Revolutionary Road
67.3%
2004Eternal Sunshine of the Spotless Mind
55.4%
1996Hamlet
47.8%
2006The Holiday
47.1%
1995Sense and Sensibility
46.8%
2014Divergent
45.5%
2015Steve Jobs
40.8%
2004Finding Neverland
39.4%
2015Insurgent
38.4%
2011Contagion
38.1%
2001Iris
31.8%
2015The Dressmaker
30.1%
2006Little Children
30.1%
2017The Mountain Between Us
28.3%
1994Heavenly Creatures
27%
2020Ammonite
26.9%
2013Labor Day
25.8%
2017Wonder Wheel
24.8%
2011Carnage
23%
2006Flushed Away
20.3%
Year Movie % Correct
2016Collateral Beauty
19.6%
2013Movie 43
19.5%
2016Triple 9
19.2%
2014A Little Chaos
19.1%
2000Quills
18.6%
2020Black Beauty
18%
2019Blackbird
16.6%
1998Hideous Kinky
16.3%
2003The Life of David Gale
15.6%
2017Mary and the Witch's Flower
13.5%
1996Jude
13.5%
1999Holy Smoke
13.2%
2018Buttons
13.2%
2019Swift
11.6%
2001Christmas Carol: The Movie
11.6%
1995A Kid in King Arthur's Court
11.3%
2001Enigma
10.7%
2006All the King's Men
9.7%
2005Romance & Cigarettes
9.4%
1999Faeries
6.2%
2001War Game
5.3%
2003Plunge: The Movie
4.7%

From the Vault

MLB Multi-Team 40-HR Seasons

by rk559

Sports 7m
Some people are just that good no matter where they play.
Remove Ads.
Support Sporcle.
Get the best of Sporcle when you Go Orange. This ad-free experience offers more features, more stats, and more fun while also helping to support Sporcle. Thank you for becoming a member.

Show Comments

Extras

Top Quizzes Today


Score Distribution

Your Account Isn't Verified!

In order to create a playlist on Sporcle, you need to verify the email address you used during registration. Go to your Sporcle Settings to finish the process.

Report this User

Report this user for behavior that violates our Community Guidelines.

Details: